000 00887nmm a2200289 a 4500
001 ocm000645441
003 TR-IsHL
005 20201028132853.0
008 131030s2009 tu tur
007 cr cn
020 _a9789756862186
035 _a645441
_b(N$T)
050 0 4 _aBF575.S75
_bS29 2009
090 0 4 _aBF575.S75
_bS29 2009
100 1 _aSaygılı, Sefa
245 1 0 _aStrese son
_h[electronic resource] /
_cSefa Saygılı
260 _aİstanbul :
_bElit Kültür Yayınları,
_c2009
300 _a241
650 4 _aFelsefe, Psikoloji ve Din
650 4 _aPhilosophy, Psychology and Religion
650 0 _aStres
650 0 _aStress
650 0 _aStres (Psikoloji)
650 0 _aStress (Psychology)
650 7 _aSELF-HELP / Stress Management
_2bisacsh
856 4 0 _uhttp://search.ebscohost.com/login.aspx?direct=true&scope=site&db=e011xww&AN=645441
999 _c5328
_d5328